000 00603nam a22002057a 4500
005 20240814173957.0
008 s1985 eng d
041 _aeng
245 1 0 _aParliament of India the Seventh Lok Sabha 1980-84
260 3 _aNew Delhi :
_bLok Sabha Secretariat,
_c1985
300 _a220 p. :
_b ill., tables ;
_c 27 cm.
650 0 4 _aLegislative bodies -- India
650 0 4 _aParliamentary of India
650 0 4 _aParliaments -- India
850 _aNALT
942 _cLB
997 _c000000000020844
998 _aSAIPHON DEENGAM
_j25
_k นีลวัสน์ อินทรักษา
999 _c20844
_d20844
090 _aKD219.I4.1 P37 1985